Invincible Voice Cast - Sudden Death - Statistics

General Stats
  • This quiz has been taken 1,040 times
  • The average score is 3 of 15
Answers on the Grid
Answers color-coded by a green-red scale on the quiz's grid according to % correct below.
Steven Yeun
Idris Elba
Sonequa Martin Green
Frank Stallone
Rachel McAdams
Lance Henriksen
Jeffrey Dean Morgan
Harvey Keitel
Andrew Lincoln
Laura Dern
Michael Mando
Mark Hamill
Khary Payton
Clancy Brown
Jason Mantzoukas
Laurie Holden
William H. Macy
Michelle Yeoh
Robert Patrick
Melissa McBride
Ben Kingsley
Jackie Earle Haley
Lauren Cohan
Sandra Oh
Mahershala Ali
Rhea Seehorn
Taylor Kitsch
Walton Goggins
Rihanna
Seth Rogen
Zazie Beetz
Emily Kinney
Jay Baruchel
Jay Pharoah
Tom Hanks
Barkhad Abdi
Paul Rudd
Ross Marquand
IronE Singleton
J.K. Simmons
 
Answer Stats
Answer % Correct
Steven Yeun
97%
J.K. Simmons
34%
Sandra Oh
23%
Seth Rogen
21%
Mark Hamill
20%
Walton Goggins
12%
Clancy Brown
9%
Jason Mantzoukas
9%
Ross Marquand
8%
Mahershala Ali
6%
Sonequa Martin Green
6%
Jay Pharoah
5%
Khary Payton
5%
Zazie Beetz
5%
Lauren Cohan
3%
No matching quizzes found
Score Distribution
Percent of People with Each Score
Percentile by Number Answered
Your Score History
You have not taken this quiz